Southville International School and Colleges
Your cart is empty.
  • Cart
  • Lists
    Public lists Eva Luna New books Lux_list list_1
    Your lists Log in to create your own lists
  • Log in to your account
  • Your cookies
  • Search history
Southville International School and Colleges
  • Advanced search
  • Recent comments
  • Most popular
  • Libraries

Log in to your account

Log in with GOOGLE


If you do not have an external account, but do have a local account, you can still log in:

  1. Home
  2. MARC view: Math for nurses :
Normal view MARC view ISBD view

Math for nurses : (Record no. 15692)

[ view plain ]
MARC details
000 -LEADER
fixed length control field 01286cam a22003858a 4500
001 - CONTROL NUMBER
control field 16887234
003 - CONTROL NUMBER IDENTIFIER
control field OSt
005 - DATE AND TIME OF LATEST TRANSACTION
control field 20140310182748.0
008 - FIXED-LENGTH DATA ELEMENTS--GENERAL INFORMATION
fixed length control field 110719s2013 pau bf 001 0 eng
010 ## - LIBRARY OF CONGRESS CONTROL NUMBER
LC control number 2011030507
020 ## - INTERNATIONAL STANDARD BOOK NUMBER
International Standard Book Number 0781773210
035 ## - SYSTEM CONTROL NUMBER
System control number (DNLM)101564902
040 ## - CATALOGING SOURCE
Original cataloging agency DNLM/DLC
Transcribing agency DLC
042 ## - AUTHENTICATION CODE
Authentication code pcc
050 ## - LIBRARY OF CONGRESS CALL NUMBER
Classification number RT 68
Item number .B68 2006
082 00 - DEWEY DECIMAL CLASSIFICATION NUMBER
Classification number 615.1/4
-- 23
100 1# - MAIN ENTRY--PERSONAL NAME
Personal name Boyer, Mary Jo.
245 10 - TITLE STATEMENT
Title Math for nurses :
Remainder of title a pocket guide to dosage calculation and drug preparation /
Statement of responsibility, etc Mary Jo Boyer.
250 ## - EDITION STATEMENT
Edition statement 6th ed.
260 ## - PUBLICATION, DISTRIBUTION, ETC. (IMPRINT)
Place of publication, distribution, etc Philadelphia :
Name of publisher, distributor, etc Wolters Kluwer Health/Lippincott Williams & Wilkins,
Date of publication, distribution, etc 2006.
263 ## - PROJECTED PUBLICATION DATE
Projected publication date 1112
300 ## - PHYSICAL DESCRIPTION
Extent 327 p. :
Dimensions 18 cm.
521 ## - TARGET AUDIENCE NOTE
Target audience note
650 12 - SUBJECT ADDED ENTRY--TOPICAL TERM
Topical term or geographic name as entry element Pharmaceutical Preparations
General subdivision administration & dosage
Form subdivision Handbooks.
650 12 - SUBJECT ADDED ENTRY--TOPICAL TERM
Topical term or geographic name as entry element Pharmaceutical Preparations
General subdivision administration & dosage
Form subdivision Nurses' Instruction.
650 22 - SUBJECT ADDED ENTRY--TOPICAL TERM
Topical term or geographic name as entry element Dosage Forms
Form subdivision Handbooks.
650 22 - SUBJECT ADDED ENTRY--TOPICAL TERM
Topical term or geographic name as entry element Dosage Forms
Form subdivision Nurses' Instruction.
650 22 - SUBJECT ADDED ENTRY--TOPICAL TERM
Topical term or geographic name as entry element Drug Dosage Calculations
Form subdivision Handbooks.
650 22 - SUBJECT ADDED ENTRY--TOPICAL TERM
Topical term or geographic name as entry element Drug Dosage Calculations
Form subdivision Nurses' Instruction.
650 22 - SUBJECT ADDED ENTRY--TOPICAL TERM
Topical term or geographic name as entry element Mathematics
Form subdivision Handbooks.
650 22 - SUBJECT ADDED ENTRY--TOPICAL TERM
Topical term or geographic name as entry element Mathematics
Form subdivision Nurses' Instruction.
906 ## - LOCAL DATA ELEMENT F, LDF (RLIN)
a 7
b cbc
c orignew
d 1
e ecip
f 20
g y-gencatlg
942 ## - ADDED ENTRY ELEMENTS (KOHA)
Source of classification or shelving scheme Library of Congress Classification
Koha item type Books
Call number prefix Foreign
Holdings
Withdrawn status Lost status Source of classification or shelving scheme Damaged status Home library Current library Shelving location Date acquired Total Checkouts Full call number Barcode Date last seen Copy number Price effective from Koha item type
    Library of Congress Classification   College Library College Library General Circulation Section 06/29/2012   RT 68 .B68 2006 C15121 05/15/2018 1 03/10/2014 Books

Math for nurses :

APA

Boyer M. J., . (2006). Math for nurses. Philadelphia: Wolters Kluwer Health/Lippincott Williams & Wilkins.

Chicago

Boyer Mary Jo, . 2006. Math for nurses. Philadelphia: Wolters Kluwer Health/Lippincott Williams & Wilkins.

Harvard

Boyer M. J., . (2006). Math for nurses. Philadelphia: Wolters Kluwer Health/Lippincott Williams & Wilkins.

MLA

Boyer Mary Jo, . Math for nurses. Philadelphia: Wolters Kluwer Health/Lippincott Williams & Wilkins. 2006.

  • Place hold
  • Print
  • Cite
  • Add to your cart (remove)
  • Save record
    BIBTEX Dublin Core MARCXML MARC (non-Unicode/MARC-8) MARC (Unicode/UTF-8) MARC (Unicode/UTF-8, Standard) MODS (XML) RIS
  • More searches
    Search for this title in:
    Other Libraries (WorldCat) Other Databases (Google Scholar) Online Stores (Bookfinder.com) Open Library (openlibrary.org)

Exporting to Dublin Core...

SOUTHVILLE LIBRARY

Southville International School and Colleges Library

1281 Tropical Ave. Cor. Luxembourg St., BF Homes International, Las Pinas City

Tel. No. 8256374 / 252358 Loc. 117/146

Powered by Koha